The male couple : how relationships develop /

Gespeichert in:
Bibliographische Detailangaben
Hauptverfasser: McWhirter, David P. (Verfasst von), Mattison, Andrew M. (Verfasst von)
Format: Buch
Sprache:Englisch
Veröffentlicht: Englewood Cliffs, NJ : Prentice-Hall, c1984
Tags: Tag hinzufügen
Keine Tags, Fügen Sie das erste Tag hinzu!

MARC

LEADER 00000nam a22000007i 4500
001 IT\ICCU\UBO\3462004
003 ItRI
005 20260115231813.0
008 080724s1984 xxk|||||| ||||| |||||c
020 |a 0135475635 
040 |b ita  |c importazione bologna sebina 
041 7 |a eng  |2 ISO-639-2 
100 1 |a McWhirter, David P.  |0 IT\ICCU\UBOV\253459  |4 aut 
245 1 4 |a The male couple :  |b how relationships develop /  |c David P. McWhirter, Andrew M. Mattison. 
260 |a Englewood Cliffs, NJ :  |b Prentice-Hall,  |c c1984 
300 |a xv, 341 p.; 23 cm. 
700 1 |a Mattison, Andrew M.  |0 IT\ICCU\UBOV\253461  |4 aut 
942 |2 ddc  |c BK  |n 0 
952 |0 0  |1 0  |4 0  |6 DOC_306_766000000000000_MCW  |7 0  |9 12984  |a BO  |b BO  |d 2026-01-15  |i 2498  |l 0  |o DOC 306.766 MCW  |p BO2498  |r 2026-01-15 23:18:13  |w 2026-01-15  |x [Sebina 5] [1 v.]  |y BK  |z 1 v. 
999 |c 11118  |d 11118